000 00374nam a2200133 i 4500
001 bg
100 1 _aI~7lin, Valerij Nikolaevič.
245 1 0 _aProjektowanie układów elektronicznych przy użyciu maszyn cyfrowych /
_cWalerij Nikolaewic Jlin.
260 _aWarszawa,
_c1975.
040 _cBPK
041 _apol
942 _cKS
008 s pl f |000 0 pol
999 _c16101
_d16101
856 _uhttp://koha.tu.koszalin.pl/cgi-bin/koha/opac-detail.pl?biblionumber=16101
_yKatalog online BPK